|
|
|
|
| LEADER |
00683nam a22001931a 4500 |
| 020 |
|
|
|a 9780415218023
|c 0.00
|
| 040 |
|
|
|a SSUS - Library - Kalady
|
| 082 |
|
|
|a 910.133 8
|b TRE/N
|
| 100 |
|
|
|a Trevor J Barnes
|
| 245 |
|
|
|a The new industrial geography: region, regulations and institutions
|h [Text]
|
| 260 |
|
|
|b Routledge London
|c 2013
|
| 300 |
|
|
|a 325p.
|
| 600 |
|
|
|a Geography
|
| 600 |
|
|
|a Industrial Geography
|
| 700 |
|
|
|a Meric Gertler
|
| 852 |
|
|
|h 910.133 8
|i TRE/N
|p 072702
|9 1095.00
|t 0
|
| 942 |
|
|
|c BK
|
| 999 |
|
|
|c 31249
|d 31249
|
| 952 |
|
|
|0 0
|1 0
|4 0
|6 910_133000000000000_8_TRE_N
|7 0
|9 45089
|a SSUS
|b SSUS
|d 2015-01-08
|g 1095.00
|l 1
|o 910.133 8 TRE/N
|p 072702
|r 2018-06-21
|s 2018-06-20
|v 0.00
|w 2015-01-08
|y BK
|